00421nam a2200181Ia 4500008004100000020001400041050001600055100001900071245003000090245002200120260001000142260001600152260000900168300001600177300002000193300001000213300001600223170918s9999 xx 000 0 und d a439448956 bB146an 2002 aBaglio, Ben M. aPolar bears on the path / cby Ben M. Baglio. aUSA : bScholastic, c2002 a130 pages : billustrations ; c19cm. eAnimal ark.